The man in the white house : (Record no. 125979)

MARC details
000 -LEADER
fixed length control field 00693nam a22002297a 4500
005 - DATE AND TIME OF LATEST TRANSACTION
control field 20170124110003.0
010 ## - LIBRARY OF CONGRESS CONTROL NUMBER
LC control number 192247
020 ## - INTERNATIONAL STANDARD BOOK NUMBER
Terms of availability 00.00
035 ## - SYSTEM CONTROL NUMBER
System control number 192247
037 ## - SOURCE OF ACQUISITION
Source of stock number/acquisition Cen Lib/Ret
040 ## - CATALOGING SOURCE
Original cataloging agency DPL
Language of cataloging EN
082 ## - DEWEY DECIMAL CLASSIFICATION NUMBER
Classification number 342.73
Item number BIN
100 ## - MAIN ENTRY--PERSONAL NAME
Personal name Binkley, Wilfred E.
9 (RLIN) 16188
245 ## - TITLE STATEMENT
Title The man in the white house :
Statement of responsibility, etc by Wilfred E. Binkley
Remainder of title his powers and duties /
260 ## - PUBLICATION, DISTRIBUTION, ETC. (IMPRINT)
Place of publication, distribution, etc Baltimore
Name of publisher, distributor, etc Johns Hopkins Press
Date of publication, distribution, etc 1958
270 ## - ADDRESS
City Baltimore
300 ## - PHYSICAL DESCRIPTION
Extent xiii,310p.
Dimensions 22cm(Hb)
500 ## - GENERAL NOTE
General note Includes bibliographical references and index<br/>
650 ## - SUBJECT ADDED ENTRY--TOPICAL TERM
Topical term or geographic name as entry element Presidents -- United States
9 (RLIN) 15457
650 ## - SUBJECT ADDED ENTRY--TOPICAL TERM
Topical term or geographic name as entry element Presidents
9 (RLIN) 16189
942 ## - ADDED ENTRY ELEMENTS (KOHA)
Source of classification or shelving scheme Dewey Decimal Classification
Koha item type English Books
Classification part 342.73
Call number suffix BIN
Holdings
Withdrawn status Lost status Damaged status Not for loan Home library Current library Date acquired Source of acquisition Cost, normal purchase price Total Checkouts Full call number Barcode Date last seen Copy number Cost, replacement price Price effective from Koha item type
        Central Library Central Library 24/06/2015 Cen Lib/Ret 0.00   342.73 BIN 192247 24/06/2015 1 0.00 24/06/2015 English Books

© Delhi Public Library
Hit Counter
free hit counter